Anl̀isis del problema de planificacin̤ de la produccin̤ en cadenas de suministro colaborativas, una revisin̤ de la literatura en el enfoque de teora̕ de juegos
La utilizacin̤ de conceptos de juegos cooperativos aportados por la teora̕ de juegos muestra resultados significativos en el modelado de situaciones de planificacin̤ en cadenas de suministro. Esta investigacin̤ consisti ̤en un anl̀isis de la literatura que aborda el problema de planificacin̤ en una...
Gardado en:
| Outros autores: | , , |
|---|---|
| Formato: | Libro |
| Idioma: | Lingua castelá |
| Subjects: | |
| Acceso en liña: | Anl̀isis del problema de planificacin̤ de la produccin̤ en cadenas de suministro colaborativas, una revisin̤ de la literatura en el enfoque de teora̕ de juegos |
| Tags: |
Engadir etiqueta
Sen Etiquetas, Sexa o primeiro en etiquetar este rexistro!
|
MARC
| LEADER | 00000nam a22000004a 4500 | ||
|---|---|---|---|
| 001 | vpro9845 | ||
| 005 | 20201223000000.0 | ||
| 008 | 160421s2016 ck # g## #001 0#spa#d | ||
| 020 | |||
| 022 | |||
| 040 | |a CO-BoINGC | ||
| 041 | 0 | |a spa | |
| 245 | 1 | 0 | |a Anl̀isis del problema de planificacin̤ de la produccin̤ en cadenas de suministro colaborativas, una revisin̤ de la literatura en el enfoque de teora̕ de juegos |
| 246 | |a Analysis of the problem of production planning of collaborative supply chains : a review on game theory literature | ||
| 264 | |a Bogot ̀(Colombia) : |b Revista VirtualPRO, |c 2016 | ||
| 520 | 3 | |a La utilizacin̤ de conceptos de juegos cooperativos aportados por la teora̕ de juegos muestra resultados significativos en el modelado de situaciones de planificacin̤ en cadenas de suministro. Esta investigacin̤ consisti ̤en un anl̀isis de la literatura que aborda el problema de planificacin̤ en una cadena de suministros colaborativa, donde se considera una visin̤ con la interaccin̤ de los agentes, los modelos de negociacin̤, los factores de planificacin̤ de la produccin̤ y la estabilidad en cadenas de suministro colaborativas bajo el enfoque de la teora̕ de juegos. | |
| 650 | \ | \ | |a Desarrollo de procesos |
| 650 | \ | \ | |a LogƯ̕stica |
| 650 | \ | \ | |a Planificacin̤ estratǧica |
| 650 | \ | \ | |a Teora̕ de los juegos |
| 650 | \ | \ | |a Process development |
| 650 | \ | \ | |a Logistics |
| 650 | \ | \ | |a Strategic planning |
| 650 | \ | \ | |a Game theory |
| 650 | \ | \ | |a Cadena de suministro |
| 650 | \ | \ | |a Cadena de suministro colaborativa |
| 650 | \ | \ | |a Planificacin̤ colaborativa |
| 650 | \ | \ | |a Teora̕ de juegos |
| 650 | \ | \ | |a Modelado |
| 650 | \ | \ | |a Agentes |
| 650 | \ | \ | |a Intercambio de informacin̤ |
| 650 | \ | \ | |a Supply chain |
| 650 | \ | \ | |a Collaborative supply chain |
| 650 | \ | \ | |a Collaborative planning |
| 650 | \ | \ | |a Game theory |
| 650 | \ | \ | |a Modeling |
| 650 | \ | \ | |a Agents |
| 650 | \ | \ | |a Information exchange |
| 700 | \ | \ | |a Herrera Vidal Germǹ |
| 700 | \ | \ | |a Acevedo Chedid Jaime |
| 700 | \ | \ | |a Latin American and Caribbean Consortium of Engineering Institutions (LACCEI) |
| 856 | |z Anl̀isis del problema de planificacin̤ de la produccin̤ en cadenas de suministro colaborativas, una revisin̤ de la literatura en el enfoque de teora̕ de juegos |u https://virtualpro.unach.elogim.com/biblioteca/analisis-del-problema-de-planificacion-de-la-produccion-en-cadenas-de-suministro-colaborativas-una-revision-de-la-literatura-en-el-enfoque-de-teoria-de-juegos | ||